Stratégia využitia a ochrany produkčných zdrojov krajiny

Salvato in:
Dettagli Bibliografici
Autore principale: Grausová, Gabriela
Natura: Libro
Lingua:slovacco
Pubblicazione: Bratislava Výskumný ústav ekonomiky poľnohospodárstva a potravinárstva 2005
Serie:Štúdia č. 105/2005
Soggetti:
Tags: Aggiungi Tag
Nessun Tag, puoi essere il primo ad aggiungerne!!

MARC

LEADER 00000nam$a2200000$$$4500
001 0050588
005 20240223110432.1
020 |a 80-8058-407-9 
041 0 |a slo 
044 |a SK 
245 1 0 |a Stratégia využitia a ochrany produkčných zdrojov krajiny  |c Gabriela Grausová a kol. 
264 1 |a Bratislava  |b Výskumný ústav ekonomiky poľnohospodárstva a potravinárstva  |c 2005 
300 |a 46 s. 
490 1 |a Štúdia  |v č. 105/2005 
830 0 |a Štúdia  |v č. 105/2005 
610 2 0 |a fond pôdny 
610 2 0 |a pôda poľnohospodárska 
610 2 0 |a evidencia 
610 2 0 |a zmeny klimatické 
610 2 0 |a výroba rastlinná 
610 2 0 |a zmeny štruktúrne 
610 2 0 |a zvieratá 
610 2 0 |a územia chránené 
610 2 0 |a ochrana vody 
610 2 0 |a poľnohospodárstvo 
610 2 0 |a ekológia 
610 2 0 |a Slovensko 
100 1 |a Grausová, Gabriela